[Event "45th FIDE Chess Olympiad Open"]
[Site "Budapest, Hungary"]
[Date "2024.09.19"]
[Round "8"]
[White "Fawzy, Adham"]
[Black "Al Hosani, Omran"]
[Result "1/2-1/2"]
[Board "122"]
[WhiteFideId "10613129"]
[BlackFideId "9308733"]
[WhiteTitle "GM"]
[BlackTitle "IM"]
[WhiteElo "2507"]
[BlackElo "2241"]
[WhiteTeam "Egypt"]
[BlackTeam "United Arab Emirates"]
[WhiteClock "0:05:46"]
[BlackClock "0:11:42"]
[Variant "Standard"]

1. e4 {[%clk 1:30:48]}  c5 {[%clk 1:29:55]} 2. Nf3 {[%clk 1:31:09]}  e6 {[%clk 1:30:18]} 3. d4 {[%clk 1:30:50]}  cxd4 {[%clk 1:30:36]} 4. Nxd4 {[%clk 1:31:15]}  Nf6 {[%clk 1:30:56]} 5. Nc3 {[%clk 1:30:41]}  Nc6 {[%clk 1:28:00]} 6. Nxc6 {[%clk 1:29:06]}  bxc6 {[%clk 1:28:18]} 7. e5 {[%clk 1:28:58]}  Nd5 {[%clk 1:28:39]} 8. Ne4 {[%clk 1:29:21]}  Qc7 {[%clk 1:29:03]} 9. f4 {[%clk 1:29:45]}  Qb6 {[%clk 1:29:27]} 10. c4 {[%clk 1:29:55]}  Bb4+ {[%clk 1:29:14]} 11. Ke2 {[%clk 1:30:01]}  f5 {[%clk 1:27:19]} 12. Nf2 {[%clk 1:30:26]}  Ba6 {[%clk 1:24:46]} 13. Kf3 {[%clk 1:28:49]}  Ne7 {[%clk 1:22:46]} 14. Be3 {[%clk 1:28:56]}  Bc5 {[%clk 1:23:09]} 15. Bxc5 {[%clk 1:29:20]}  Qxc5 {[%clk 1:23:32]} 16. Qd6 {[%clk 1:29:45]}  Qa5 {[%clk 1:23:54]} 17. h4 {[%clk 1:19:04]}  Rd8 {[%clk 1:07:22]} 18. a3 {[%clk 1:07:04]}  c5 {[%clk 1:01:40]} 19. Nd3 {[%clk 0:49:10]}  Bxc4 {[%clk 0:57:39]} 20. Qxc5 {[%clk 0:48:51]}  Qa6 {[%clk 0:39:23]} 21. Nb4 {[%clk 0:34:14]}  Qb7+ {[%clk 0:39:38]} 22. Kg3 {[%clk 0:34:37]}  Rc8 {[%clk 0:39:30]} 23. Qd4 {[%clk 0:34:45]}  Bxf1 {[%clk 0:37:58]} 24. Rhxf1 {[%clk 0:35:10]}  a5 {[%clk 0:37:20]} 25. Nd3 {[%clk 0:34:17]}  Qe4 {[%clk 0:36:00]} 26. Qxe4 {[%clk 0:32:08]}  fxe4 {[%clk 0:36:22]} 27. Nf2 {[%clk 0:32:19]}  Nf5+ {[%clk 0:34:44]} 28. Kh3 {[%clk 0:28:58]}  e3 {[%clk 0:34:57]} 29. Ne4 {[%clk 0:22:38]}  h5 {[%clk 0:31:27]} 30. Ng3 {[%clk 0:22:00]}  Nxg3 {[%clk 0:27:44]} 31. Kxg3 {[%clk 0:21:35]}  Ke7 {[%clk 0:28:04]} 32. Rfe1 {[%clk 0:13:30]}  Rc2 {[%clk 0:28:01]} 33. Rab1 {[%clk 0:08:04]}  Rb8 {[%clk 0:23:38]} 34. Rxe3 {[%clk 0:08:25]}  Rbxb2 {[%clk 0:23:30]} 35. Rxb2 {[%clk 0:08:54]}  Rxb2 {[%clk 0:23:48]} 36. Rd3 {[%clk 0:07:59]}  g6 {[%clk 0:23:52]} 37. Kf3 {[%clk 0:07:21]}  Ke8 {[%clk 0:21:31]} 38. g3 {[%clk 0:07:35]}  Ke7 {[%clk 0:21:05]} 39. Ke4 {[%clk 0:07:59]}  Rb1 {[%clk 0:17:06]} 40. Rc3 {[%clk 0:07:37]}  d5+ {[%clk 0:06:12]} 41. exd6+ {[%clk 0:04:27]}  Kxd6 {[%clk 0:06:34]} 42. Kd4 {[%clk 0:03:47]}  Rb5 {[%clk 0:00:46]} 43. Re3 {[%clk 0:02:21]}  Rd5+ {[%clk 0:26:47]} 44. Kc4 {[%clk 0:27:37]}  Rc5+ {[%clk 0:26:51]} 45. Kb3 {[%clk 0:27:50]}  Rb5+ {[%clk 0:24:13]} 46. Kc4 {[%clk 0:23:12]}  Rc5+ {[%clk 0:23:42]} 47. Kd4 {[%clk 0:23:40]}  Rd5+ {[%clk 0:23:55]} 48. Ke4 {[%clk 0:24:09]}  Rb5 {[%clk 0:21:05]} 49. Rd3+ {[%clk 0:23:53]}  Ke7 {[%clk 0:20:50]} 50. Kd4 {[%clk 0:21:18]}  Kf6 {[%clk 0:21:05]} 51. Kc4 {[%clk 0:21:17]}  Rb8 {[%clk 0:14:05]} 52. Re3 {[%clk 0:16:30]}  a4 {[%clk 0:12:57]} 53. Kd4 {[%clk 0:15:39]}  Rb7 {[%clk 0:11:12]} 54. Ke4 {[%clk 0:14:28]}  Rb8 {[%clk 0:11:25]} 55. Rd3 {[%clk 0:13:53]}  Rb5 {[%clk 0:10:35]} 56. Rc3 {[%clk 0:09:36]}  Rb8 {[%clk 0:10:49]} 57. Rc4 {[%clk 0:05:43]}  Rb3 {[%clk 0:11:13]} 58. Rxa4 {[%clk 0:06:04]}  Rxg3 {[%clk 0:11:37]} 59. Ra8 {[%clk 0:06:23]}  Rh3 {[%clk 0:11:37]} 60. Rf8+ {[%clk 0:06:10]}  Kg7 {[%clk 0:11:36]} 61. Re8 {[%clk 0:05:38]}  Rxa3 {[%clk 0:11:28]} 62. Rxe6 {[%clk 0:05:34]}  Ra4+ {[%clk 0:11:42]} 63. Kf3 {[%clk 0:05:46]} 1/2-1/2

[Event "45th FIDE Chess Olympiad Open"]
[Site "Budapest, Hungary"]
[Date "2024.09.19"]
[Round "8"]
[White "Xie, Felix"]
[Black "Rodrigue-Lemieux, Shawn"]
[Result "0-1"]
[Board "125"]
[WhiteFideId "4308174"]
[BlackFideId "2620049"]
[WhiteTitle "FM"]
[BlackTitle "GM"]
[WhiteElo "2320"]
[BlackElo "2509"]
[WhiteTeam "New Zealand"]
[BlackTeam "Canada"]
[WhiteClock "0:09:16"]
[BlackClock "0:07:09"]
[Variant "Standard"]

1. e4 {[%clk 1:30:47]}  c5 {[%clk 1:30:42]} 2. Nf3 {[%clk 1:31:04]}  e6 {[%clk 1:30:55]} 3. d4 {[%clk 1:31:23]}  cxd4 {[%clk 1:31:18]} 4. Nxd4 {[%clk 1:31:47]}  Nc6 {[%clk 1:31:40]} 5. Nc3 {[%clk 1:32:04]}  Bc5 {[%clk 1:32:00]} 6. Ndb5 {[%clk 1:29:55]}  Nf6 {[%clk 1:28:34]} 7. Bf4 {[%clk 1:27:23]}  O-O {[%clk 1:28:44]} 8. Bc7 {[%clk 1:26:50]}  Qe7 {[%clk 1:29:00]} 9. Bd6 {[%clk 1:27:16]}  Bxd6 {[%clk 1:29:22]} 10. Qxd6 {[%clk 1:27:41]}  Qd8 {[%clk 1:28:47]} 11. Nc7 {[%clk 1:27:08]}  Rb8 {[%clk 1:24:58]} 12. Be2 {[%clk 1:27:33]}  a6 {[%clk 1:07:26]} 13. O-O {[%clk 1:21:48]}  b5 {[%clk 0:45:58]} 14. e5 {[%clk 1:18:10]}  Rb7 {[%clk 0:44:33]} 15. Nxa6 {[%clk 1:11:43]}  Ne8 {[%clk 0:44:11]} 16. Qc5 {[%clk 1:10:03]}  b4 {[%clk 0:35:25]} 17. Nb5 {[%clk 1:09:28]}  Qb6 {[%clk 0:31:44]} 18. Bd3 {[%clk 0:57:57]}  Rb8 {[%clk 0:11:56]} 19. Bxh7+ {[%clk 0:44:07]}  Kxh7 {[%clk 0:12:19]} 20. Qxf8 {[%clk 0:44:31]}  Bxa6 {[%clk 0:11:22]} 21. Qxf7 {[%clk 0:38:57]}  Qxb5 {[%clk 0:07:09]} 22. Rfe1 {[%clk 0:38:00]}  Nd4 {[%clk 0:07:13]} 23. Re3 {[%clk 0:36:01]}  Nf5 {[%clk 0:07:34]} 24. Rh3+ {[%clk 0:36:17]}  Nh6 {[%clk 0:08:02]} 25. Re1 {[%clk 0:25:18]}  Qd5 {[%clk 0:08:26]} 26. Qf4 {[%clk 0:14:52]}  Rc8 {[%clk 0:08:35]} 27. c3 {[%clk 0:12:42]}  Rc4 {[%clk 0:08:11]} 28. Qg5 {[%clk 0:11:01]}  Re4 {[%clk 0:06:56]} 29. Rhe3 {[%clk 0:09:16]}  Rg4 {[%clk 0:07:09]} 0-1

[Event "45th FIDE Chess Olympiad Open"]
[Site "Budapest, Hungary"]
[Date "2024.09.19"]
[Round "8"]
[White "Noritsyn, Nikolay"]
[Black "Croad, Nicolas"]
[Result "1/2-1/2"]
[Board "128"]
[WhiteFideId "2604922"]
[BlackFideId "4300793"]
[WhiteTitle "IM"]
[BlackTitle "FM"]
[WhiteElo "2451"]
[BlackElo "2195"]
[WhiteTeam "Canada"]
[BlackTeam "New Zealand"]
[WhiteClock "0:08:11"]
[BlackClock "0:08:06"]
[Variant "Standard"]

1. e4 {[%clk 1:30:55]}  c5 {[%clk 1:30:53]} 2. Nf3 {[%clk 1:31:14]}  d6 {[%clk 1:31:16]} 3. d4 {[%clk 1:30:06]}  cxd4 {[%clk 1:31:40]} 4. Nxd4 {[%clk 1:30:31]}  Nf6 {[%clk 1:32:05]} 5. Nc3 {[%clk 1:30:47]}  Nc6 {[%clk 1:32:30]} 6. Bg5 {[%clk 1:29:23]}  e6 {[%clk 1:32:51]} 7. Qd2 {[%clk 1:29:10]}  Be7 {[%clk 1:33:11]} 8. O-O-O {[%clk 1:29:14]}  Nxd4 {[%clk 1:33:33]} 9. Qxd4 {[%clk 1:29:37]}  O-O {[%clk 1:33:58]} 10. h4 {[%clk 1:22:33]}  h6 {[%clk 1:22:24]} 11. Bd2 {[%clk 1:13:03]}  e5 {[%clk 1:06:08]} 12. Qd3 {[%clk 1:11:29]}  Be6 {[%clk 1:04:03]} 13. Be2 {[%clk 1:10:09]}  Rc8 {[%clk 0:59:09]} 14. Kb1 {[%clk 1:07:36]}  d5 {[%clk 0:55:22]} 15. exd5 {[%clk 1:06:47]}  Nxd5 {[%clk 0:55:42]} 16. Qg3 {[%clk 0:49:40]}  Qb6 {[%clk 0:35:48]} 17. Nxd5 {[%clk 0:26:11]}  Bxd5 {[%clk 0:36:09]} 18. Be3 {[%clk 0:26:23]}  Qe6 {[%clk 0:28:30]} 19. Rxd5 {[%clk 0:25:03]}  Qxd5 {[%clk 0:28:37]} 20. Bxh6 {[%clk 0:25:27]}  Bf6 {[%clk 0:28:24]} 21. Bg5 {[%clk 0:25:19]}  Qc6 {[%clk 0:24:01]} 22. Bd3 {[%clk 0:25:10]}  e4 {[%clk 0:22:46]} 23. Bxf6 {[%clk 0:24:52]}  Qxf6 {[%clk 0:23:12]} 24. Bxe4 {[%clk 0:25:12]}  Rfd8 {[%clk 0:21:37]} 25. Bd3 {[%clk 0:24:11]}  Re8 {[%clk 0:20:41]} 26. f3 {[%clk 0:16:27]}  Rc5 {[%clk 0:16:43]} 27. Rd1 {[%clk 0:10:19]}  Rce5 {[%clk 0:14:22]} 28. Be4 {[%clk 0:10:15]}  Rd8 {[%clk 0:14:35]} 29. Bd3 {[%clk 0:09:11]}  Rb5 {[%clk 0:11:29]} 30. b3 {[%clk 0:09:29]}  Rc5 {[%clk 0:10:35]} 31. Qf2 {[%clk 0:08:28]}  b6 {[%clk 0:10:35]} 32. g4 {[%clk 0:08:45]}  a5 {[%clk 0:10:33]} 33. g5 {[%clk 0:08:05]}  Qe7 {[%clk 0:06:14]} 34. Qd2 {[%clk 0:05:19]}  Kf8 {[%clk 0:03:58]} 35. f4 {[%clk 0:05:21]}  a4 {[%clk 0:04:01]} 36. Re1 {[%clk 0:04:07]}  Qd6 {[%clk 0:03:57]} 37. b4 {[%clk 0:03:20]}  Rc4 {[%clk 0:03:34]} 38. a3 {[%clk 0:03:31]}  Rxf4 {[%clk 0:02:33]} 39. h5 {[%clk 0:02:57]}  Rf3 {[%clk 0:01:23]} 40. Rd1 {[%clk 0:00:55]}  Qf4 {[%clk 0:00:41]} 41. Qxf4 {[%clk 0:24:28]}  Rxf4 {[%clk 0:30:13]} 42. Rh1 {[%clk 0:24:52]}  Rdd4 {[%clk 0:30:00]} 43. h6 {[%clk 0:24:48]}  Rh4 {[%clk 0:29:49]} 44. hxg7+ {[%clk 0:25:02]}  Kxg7 {[%clk 0:30:13]} 45. Re1 {[%clk 0:24:23]}  Rh3 {[%clk 0:16:41]} 46. Re5 {[%clk 0:20:39]}  Rg3 {[%clk 0:12:54]} 47. Rb5 {[%clk 0:19:37]}  Rd6 {[%clk 0:12:34]} 48. Kb2 {[%clk 0:19:33]}  Rg4 {[%clk 0:12:28]} 49. Kc3 {[%clk 0:16:53]}  Rc6+ {[%clk 0:12:30]} 50. Kb2 {[%clk 0:17:04]}  Rd4 {[%clk 0:12:47]} 51. Rf5 {[%clk 0:15:54]}  Rcd6 {[%clk 0:12:50]} 52. Rf3 {[%clk 0:14:23]}  R4d5 {[%clk 0:12:35]} 53. Bc4 {[%clk 0:14:09]}  Rxg5 {[%clk 0:10:54]} 54. Rxf7+ {[%clk 0:14:31]}  Kg6 {[%clk 0:10:59]} 55. Ra7 {[%clk 0:14:07]}  b5 {[%clk 0:11:07]} 56. Bd3+ {[%clk 0:12:36]}  Kf6 {[%clk 0:11:21]} 57. Rb7 {[%clk 0:11:25]}  Rdd5 {[%clk 0:11:19]} 58. Kc3 {[%clk 0:11:40]}  Ke6 {[%clk 0:08:15]} 59. Be4 {[%clk 0:11:49]}  Rg3+ {[%clk 0:08:03]} 60. Kb2 {[%clk 0:11:05]}  Re5 {[%clk 0:08:22]} 61. Bd3 {[%clk 0:10:40]}  Rgg5 {[%clk 0:08:41]} 62. Ra7 {[%clk 0:09:08]}  Kd6 {[%clk 0:08:55]} 63. Ra6+ {[%clk 0:09:21]}  Kc7 {[%clk 0:09:16]} 64. Rf6 {[%clk 0:09:40]}  Rd5 {[%clk 0:08:43]} 65. Kc3 {[%clk 0:09:58]}  Rd6 {[%clk 0:08:52]} 66. Rf3 {[%clk 0:09:59]}  Rc6+ {[%clk 0:09:03]} 67. Kb2 {[%clk 0:10:14]}  Rd6 {[%clk 0:09:25]} 68. Rf2 {[%clk 0:10:25]}  Rgd5 {[%clk 0:08:05]} 69. Rf3 {[%clk 0:09:51]}  Rg5 {[%clk 0:08:26]} 70. Rh3 {[%clk 0:08:28]}  Rgd5 {[%clk 0:07:48]} 71. Be2 {[%clk 0:07:37]}  Re5 {[%clk 0:07:54]} 72. Bg4 {[%clk 0:07:48]}  Rg5 {[%clk 0:08:03]} 73. Rh7+ {[%clk 0:07:54]}  Kb6 {[%clk 0:07:34]} 74. Bf3 {[%clk 0:08:01]}  Rf6 {[%clk 0:07:39]} 75. Be4 {[%clk 0:08:01]}  Re5 {[%clk 0:07:55]} 76. Bd3 {[%clk 0:08:12]}  Rd6 {[%clk 0:08:06]} 77. Rh8 {[%clk 0:08:11]}  Kc7 {[%clk 0:08:06]} 78. Rg8 {[%clk 0:00:00]}  Kb7 {[%clk 0:08:06]} 79. Kc3 {[%clk 0:08:11]}  Kc7 {[%clk 0:08:06]} 80. Rg7+ {[%clk 0:00:00]}  Kb6 {[%clk 0:08:06]} 81. Rg4 {[%clk 0:08:11]}  Kc6 {[%clk 0:00:00]} 82. Rg1 {[%clk 0:00:00]}  Kc7 {[%clk 0:08:06]} 83. Rg8 {[%clk 0:08:11]}  Kb7 {[%clk 0:08:06]} 84. Rh8 {[%clk 0:08:11]}  Kc7 {[%clk 0:08:06]} 85. Rh7+ {[%clk 0:08:11]} 1/2-1/2

[Event "45th FIDE Chess Olympiad Open"]
[Site "Budapest, Hungary"]
[Date "2024.09.19"]
[Round "8"]
[White "Sadorra, Julio Catalino"]
[Black "Karsten, Jan"]
[Result "1-0"]
[Board "129"]
[WhiteFideId "5201268"]
[BlackFideId "14350653"]
[WhiteTitle "GM"]
[BlackTitle "IM"]
[WhiteElo "2542"]
[BlackElo "2311"]
[WhiteTeam "Philippines"]
[BlackTeam "South Africa"]
[WhiteClock "0:01:05"]
[BlackClock "0:30:30"]
[Variant "Standard"]

1. d4 {[%clk 1:30:48]}  Nf6 {[%clk 1:30:53]} 2. c4 {[%clk 1:31:08]}  g6 {[%clk 1:30:54]} 3. Nc3 {[%clk 1:31:24]}  d5 {[%clk 1:31:15]} 4. Nf3 {[%clk 1:31:25]}  Bg7 {[%clk 1:31:36]} 5. h4 {[%clk 1:31:45]}  c6 {[%clk 1:31:57]} 6. Bg5 {[%clk 1:31:56]}  h6 {[%clk 1:32:01]} 7. Bxf6 {[%clk 1:32:17]}  Bxf6 {[%clk 1:32:30]} 8. e3 {[%clk 1:32:36]}  O-O {[%clk 1:30:56]} 9. Qc2 {[%clk 1:32:31]}  Bg7 {[%clk 1:25:04]} 10. Ne5 {[%clk 1:13:57]}  Nd7 {[%clk 1:05:00]} 11. f4 {[%clk 1:10:15]}  Nxe5 {[%clk 0:56:41]} 12. fxe5 {[%clk 1:09:45]}  Be6 {[%clk 0:53:59]} 13. cxd5 {[%clk 1:06:22]}  cxd5 {[%clk 0:44:25]} 14. Be2 {[%clk 0:55:39]}  f5 {[%clk 0:28:06]} 15. h5 {[%clk 0:47:53]}  g5 {[%clk 0:26:21]} 16. O-O {[%clk 0:47:49]}  Qe8 {[%clk 0:18:30]} 17. Qb3 {[%clk 0:43:41]}  g4 {[%clk 0:11:58]} 18. Nxd5 {[%clk 0:34:57]}  Bxd5 {[%clk 0:06:10]} 19. Qxd5+ {[%clk 0:35:21]}  e6 {[%clk 0:06:40]} 20. Qb3 {[%clk 0:35:30]}  Kh8 {[%clk 0:06:09]} 21. Rf4 {[%clk 0:26:54]}  Rc8 {[%clk 0:04:13]} 22. Raf1 {[%clk 0:26:43]}  Rd8 {[%clk 0:02:07]} 23. Kf2 {[%clk 0:14:50]}  Qe7 {[%clk 0:00:40]} 24. Kg3 {[%clk 0:12:28]}  a6 {[%clk 0:00:35]} 25. a4 {[%clk 0:12:37]}  Rfe8 {[%clk 0:00:49]} 26. Rc1 {[%clk 0:09:31]}  Bf8 {[%clk 0:00:43]} 27. Qb6 {[%clk 0:05:52]}  Rd7 {[%clk 0:00:32]} 28. e4 {[%clk 0:04:23]}  Red8 {[%clk 0:00:32]} 29. exf5 {[%clk 0:04:41]}  exf5 {[%clk 0:00:56]} 30. Rxf5 {[%clk 0:01:23]}  Bg7 {[%clk 0:00:34]} 31. Qc5 {[%clk 0:01:09]}  Qxc5 {[%clk 0:00:46]} 32. Rxc5 {[%clk 0:00:36]}  Rxd4 {[%clk 0:01:07]} 33. Bxg4 {[%clk 0:00:44]}  Re8 {[%clk 0:00:39]} 34. e6 {[%clk 0:00:33]}  Bf8 {[%clk 0:00:35]} 35. Rcd5 {[%clk 0:00:47]}  Rxa4 {[%clk 0:00:39]} 36. Rf7 {[%clk 0:01:05]}  Bg7 {[%clk 0:30:30]} 1-0

[Event "45th FIDE Chess Olympiad Open"]
[Site "Budapest, Hungary"]
[Date "2024.09.19"]
[Round "8"]
[White "Levitan, Caleb Levi"]
[Black "Bersamina, Paulo"]
[Result "1/2-1/2"]
[Board "130"]
[WhiteFideId "14332620"]
[BlackFideId "5206995"]
[WhiteTitle "FM"]
[BlackTitle "IM"]
[WhiteElo "2193"]
[BlackElo "2425"]
[WhiteTeam "South Africa"]
[BlackTeam "Philippines"]
[WhiteClock "0:24:22"]
[BlackClock "0:12:11"]
[Variant "Standard"]

1. e4 {[%clk 1:30:57]}  c5 {[%clk 1:30:52]} 2. Nf3 {[%clk 1:31:21]}  d6 {[%clk 1:31:17]} 3. d4 {[%clk 1:31:19]}  cxd4 {[%clk 1:31:39]} 4. Nxd4 {[%clk 1:31:41]}  Nf6 {[%clk 1:32:02]} 5. Nc3 {[%clk 1:32:04]}  Nc6 {[%clk 1:32:26]} 6. Bc4 {[%clk 1:32:12]}  Bd7 {[%clk 1:32:48]} 7. Bb3 {[%clk 1:24:39]}  e6 {[%clk 1:33:03]} 8. Be3 {[%clk 1:24:44]}  Nxd4 {[%clk 1:27:39]} 9. Bxd4 {[%clk 1:15:57]}  b5 {[%clk 1:27:33]} 10. a3 {[%clk 1:13:06]}  a5 {[%clk 1:26:15]} 11. f3 {[%clk 1:12:04]}  Be7 {[%clk 1:25:20]} 12. O-O {[%clk 1:09:58]}  Qb8 {[%clk 1:17:11]} 13. Ne2 {[%clk 0:54:43]}  O-O {[%clk 1:16:16]} 14. Qd2 {[%clk 0:53:00]}  Qb7 {[%clk 1:09:08]} 15. Kh1 {[%clk 0:50:01]}  b4 {[%clk 0:58:51]} 16. axb4 {[%clk 0:44:23]}  axb4 {[%clk 0:58:53]} 17. Nf4 {[%clk 0:36:35]}  Bb5 {[%clk 0:24:09]} 18. Nd3 {[%clk 0:36:01]}  d5 {[%clk 0:23:26]} 19. Bxf6 {[%clk 0:31:06]}  Bxf6 {[%clk 0:23:24]} 20. exd5 {[%clk 0:31:28]}  Bxd3 {[%clk 0:11:15]} 21. Qxd3 {[%clk 0:30:04]}  Rxa1 {[%clk 0:09:43]} 22. Rxa1 {[%clk 0:30:33]}  exd5 {[%clk 0:09:47]} 23. Bxd5 {[%clk 0:29:01]}  Qe7 {[%clk 0:10:08]} 24. Qe4 {[%clk 0:23:26]}  Qxe4 {[%clk 0:09:39]} 25. Bxe4 {[%clk 0:23:49]}  Bxb2 {[%clk 0:10:04]} 26. Ra8 {[%clk 0:24:08]}  Rxa8 {[%clk 0:10:30]} 27. Bxa8 {[%clk 0:24:34]}  Bd4 {[%clk 0:10:55]} 28. g3 {[%clk 0:24:30]}  Kf8 {[%clk 0:11:19]} 29. Kg2 {[%clk 0:24:57]}  Ke7 {[%clk 0:11:45]} 30. Bd5 {[%clk 0:24:22]}  f6 {[%clk 0:12:11]} 1/2-1/2

[Event "45th FIDE Chess Olympiad Open"]
[Site "Budapest, Hungary"]
[Date "2024.09.19"]
[Round "8"]
[White "Gomez, John Paul"]
[Black "Mhango, Banele"]
[Result "1-0"]
[Board "131"]
[WhiteFideId "5201381"]
[BlackFideId "14327040"]
[WhiteTitle "GM"]
[BlackTitle "FM"]
[WhiteElo "2408"]
[BlackElo "2261"]
[WhiteTeam "Philippines"]
[BlackTeam "South Africa"]
[WhiteClock "0:13:11"]
[BlackClock "0:03:02"]
[Variant "Standard"]

1. e4 {[%clk 1:30:54]}  e5 {[%clk 1:30:40]} 2. Nf3 {[%clk 1:31:09]}  Nc6 {[%clk 1:31:05]} 3. Bb5 {[%clk 1:31:04]}  f5 {[%clk 1:29:44]} 4. d3 {[%clk 1:29:36]}  fxe4 {[%clk 1:29:31]} 5. dxe4 {[%clk 1:29:57]}  Nf6 {[%clk 1:29:57]} 6. O-O {[%clk 1:26:26]}  d6 {[%clk 1:29:00]} 7. Re1 {[%clk 1:21:43]}  Be7 {[%clk 1:25:27]} 8. Bc4 {[%clk 1:21:00]}  Na5 {[%clk 1:24:38]} 9. Bf1 {[%clk 1:19:15]}  Bg4 {[%clk 1:18:06]} 10. h3 {[%clk 1:17:49]}  Be6 {[%clk 1:15:48]} 11. Nc3 {[%clk 1:14:23]}  c6 {[%clk 1:04:23]} 12. a4 {[%clk 1:13:03]}  a6 {[%clk 1:00:42]} 13. Ne2 {[%clk 1:06:04]}  Nh5 {[%clk 0:51:32]} 14. Ned4 {[%clk 0:59:56]}  exd4 {[%clk 0:49:15]} 15. Ng5 {[%clk 0:59:57]}  Bxg5 {[%clk 0:48:58]} 16. Qxh5+ {[%clk 1:00:18]}  Bf7 {[%clk 0:48:49]} 17. Qxg5 {[%clk 1:00:33]}  Qxg5 {[%clk 0:49:15]} 18. Bxg5 {[%clk 1:00:52]}  c5 {[%clk 0:39:46]} 19. e5 {[%clk 0:58:21]}  d5 {[%clk 0:40:05]} 20. e6 {[%clk 0:54:33]}  Bg6 {[%clk 0:39:22]} 21. Re5 {[%clk 0:49:29]}  Rf8 {[%clk 0:30:25]} 22. Rae1 {[%clk 0:31:57]}  h6 {[%clk 0:19:26]} 23. Bd2 {[%clk 0:30:04]}  Nc4 {[%clk 0:17:00]} 24. Bxc4 {[%clk 0:30:23]}  dxc4 {[%clk 0:17:28]} 25. Rxc5 {[%clk 0:30:39]}  Ke7 {[%clk 0:08:11]} 26. Rxc4 {[%clk 0:27:13]}  Rfc8 {[%clk 0:07:49]} 27. Rxd4 {[%clk 0:27:25]}  Be8 {[%clk 0:07:04]} 28. Bb4+ {[%clk 0:24:00]}  Kf6 {[%clk 0:07:28]} 29. Rd7 {[%clk 0:22:41]}  a5 {[%clk 0:05:05]} 30. Bd6 {[%clk 0:13:50]}  Rc6 {[%clk 0:03:44]} 31. Be7+ {[%clk 0:12:51]}  Kf5 {[%clk 0:03:49]} 32. g4+ {[%clk 0:13:00]}  Kg6 {[%clk 0:04:17]} 33. Rxb7 {[%clk 0:13:08]}  Rxc2 {[%clk 0:03:02]} 34. Bf8 {[%clk 0:13:11]} 1-0

[Event "45th FIDE Chess Olympiad Open"]
[Site "Budapest, Hungary"]
[Date "2024.09.19"]
[Round "8"]
[White "Djabri, Massinas"]
[Black "Galaviz Medina, Sion Radamantys"]
[Result "0-1"]
[Board "133"]
[WhiteFideId "7905726"]
[BlackFideId "5123119"]
[WhiteTitle "FM"]
[BlackTitle "IM"]
[WhiteElo "2280"]
[BlackElo "2488"]
[WhiteTeam "Algeria"]
[BlackTeam "Mexico"]
[WhiteClock "0:06:35"]
[BlackClock "0:13:12"]
[Variant "Standard"]

1. d4 {[%clk 1:30:53]}  Nf6 {[%clk 1:30:56]} 2. c4 {[%clk 1:31:16]}  e6 {[%clk 1:31:23]} 3. Nf3 {[%clk 1:31:41]}  d5 {[%clk 1:31:51]} 4. Nc3 {[%clk 1:32:05]}  Bb4 {[%clk 1:32:13]} 5. a3 {[%clk 1:32:07]}  Bxc3+ {[%clk 1:25:35]} 6. bxc3 {[%clk 1:32:27]}  c5 {[%clk 1:19:00]} 7. e3 {[%clk 1:30:12]}  Qa5 {[%clk 1:14:16]} 8. Bd2 {[%clk 1:26:52]}  O-O {[%clk 1:10:13]} 9. cxd5 {[%clk 1:26:00]}  exd5 {[%clk 1:10:39]} 10. c4 {[%clk 1:26:14]}  Qc7 {[%clk 1:04:15]} 11. cxd5 {[%clk 1:13:44]}  Rd8 {[%clk 0:56:59]} 12. Rc1 {[%clk 1:11:05]}  b6 {[%clk 0:55:11]} 13. dxc5 {[%clk 1:09:18]}  bxc5 {[%clk 0:55:19]} 14. Qa4 {[%clk 1:08:55]}  Rxd5 {[%clk 0:48:49]} 15. Bc4 {[%clk 1:04:16]}  Rh5 {[%clk 0:49:07]} 16. Ba5 {[%clk 1:02:53]}  Qe7 {[%clk 0:49:09]} 17. Rd1 {[%clk 0:59:14]}  Bd7 {[%clk 0:48:53]} 18. Qb3 {[%clk 0:59:27]}  Nc6 {[%clk 0:49:00]} 19. Bc3 {[%clk 0:42:59]}  Bg4 {[%clk 0:35:37]} 20. Qa4 {[%clk 0:34:42]}  Nd4 {[%clk 0:30:56]} 21. Kf1 {[%clk 0:20:02]}  Nxf3 {[%clk 0:28:05]} 22. gxf3 {[%clk 0:20:27]}  Bxf3 {[%clk 0:26:59]} 23. Rg1 {[%clk 0:20:53]}  Rxh2 {[%clk 0:14:35]} 24. Qa6 {[%clk 0:07:54]}  Ng4 {[%clk 0:12:47]} 25. Rxg4 {[%clk 0:05:39]}  Rh1+ {[%clk 0:12:28]} 26. Rg1 {[%clk 0:06:04]}  Rxg1+ {[%clk 0:12:54]} 27. Kxg1 {[%clk 0:06:32]}  Qh4 {[%clk 0:12:50]} 28. Bxf7+ {[%clk 0:06:35]}  Kh8 {[%clk 0:13:12]} 0-1

[Event "45th FIDE Chess Olympiad Open"]
[Site "Budapest, Hungary"]
[Date "2024.09.19"]
[Round "8"]
[White "Hernandez Guerrero, Gilberto"]
[Black "Brahami, Lamine"]
[Result "1-0"]
[Board "134"]
[WhiteFideId "5100011"]
[BlackFideId "7905637"]
[WhiteTitle "GM"]
[BlackTitle "IM"]
[WhiteElo "2482"]
[BlackElo "2188"]
[WhiteTeam "Mexico"]
[BlackTeam "Algeria"]
[WhiteClock "0:31:51"]
[BlackClock "0:26:04"]
[Variant "Standard"]

1. e4 {[%clk 1:30:51]}  c5 {[%clk 1:30:40]} 2. Nc3 {[%clk 1:30:25]}  d6 {[%clk 1:30:13]} 3. f4 {[%clk 1:29:54]}  Nc6 {[%clk 1:28:41]} 4. Nf3 {[%clk 1:28:59]}  e6 {[%clk 1:25:58]} 5. d4 {[%clk 1:25:57]}  cxd4 {[%clk 1:24:46]} 6. Nxd4 {[%clk 1:25:58]}  Nf6 {[%clk 1:22:08]} 7. Be3 {[%clk 1:23:37]}  Be7 {[%clk 1:18:52]} 8. Be2 {[%clk 1:23:28]}  O-O {[%clk 1:14:06]} 9. O-O {[%clk 1:23:47]}  Bd7 {[%clk 1:09:32]} 10. Nb3 {[%clk 1:14:00]}  a6 {[%clk 1:02:42]} 11. a4 {[%clk 1:13:48]}  Na5 {[%clk 0:54:58]} 12. e5 {[%clk 0:52:52]}  Ne8 {[%clk 0:49:20]} 13. Nxa5 {[%clk 0:52:59]}  Qxa5 {[%clk 0:49:05]} 14. Qd4 {[%clk 0:53:18]}  Bc6 {[%clk 0:42:18]} 15. Bf3 {[%clk 0:50:30]}  Bxf3 {[%clk 0:32:37]} 16. Rxf3 {[%clk 0:50:52]}  Rc8 {[%clk 0:30:22]} 17. Rd1 {[%clk 0:34:33]}  Rc6 {[%clk 0:20:25]} 18. Qe4 {[%clk 0:31:26]}  g6 {[%clk 0:13:28]} 19. Bd4 {[%clk 0:27:31]}  dxe5 {[%clk 0:07:43]} 20. Qxe5 {[%clk 0:23:35]}  Qxe5 {[%clk 0:07:54]} 21. fxe5 {[%clk 0:23:55]}  Ng7 {[%clk 0:06:44]} 22. g4 {[%clk 0:23:07]}  h5 {[%clk 0:06:19]} 23. h3 {[%clk 0:23:30]}  Rd8 {[%clk 0:04:25]} 24. Rfd3 {[%clk 0:17:49]}  hxg4 {[%clk 0:03:13]} 25. hxg4 {[%clk 0:18:14]}  Rc4 {[%clk 0:03:16]} 26. Kg2 {[%clk 0:17:07]}  Ne8 {[%clk 0:02:49]} 27. Kf3 {[%clk 0:15:25]}  Nc7 {[%clk 0:01:50]} 28. Bb6 {[%clk 0:11:22]}  Rxd3+ {[%clk 0:01:10]} 29. Rxd3 {[%clk 0:11:21]}  Bb4 {[%clk 0:00:59]} 30. Ne4 {[%clk 0:08:13]}  Nd5 {[%clk 0:00:36]} 31. Nf6+ {[%clk 0:08:28]}  Kg7 {[%clk 0:00:38]} 32. Nxd5 {[%clk 0:08:03]}  exd5 {[%clk 0:01:03]} 33. c3 {[%clk 0:08:15]}  Be7 {[%clk 0:00:33]} 34. Rxd5 {[%clk 0:08:32]}  Rxa4 {[%clk 0:00:46]} 35. Rd7 {[%clk 0:08:33]}  Kf8 {[%clk 0:00:43]} 36. Rxb7 {[%clk 0:08:26]}  Ra2 {[%clk 0:00:36]} 37. Rb8+ {[%clk 0:08:27]}  Kg7 {[%clk 0:00:50]} 38. Bd4 {[%clk 0:08:50]}  Ra1 {[%clk 0:00:36]} 39. e6+ {[%clk 0:07:48]}  f6 {[%clk 0:00:46]} 40. g5 {[%clk 0:06:25]}  Rf1+ {[%clk 0:00:32]} 41. Ke2 {[%clk 0:04:43]}  Rf4 {[%clk 0:28:55]} 42. Kd3 {[%clk 0:33:03]}  Rf5 {[%clk 0:26:04]} 43. gxf6+ {[%clk 0:31:51]} 1-0